00306nam a2200109 a 450000500170000000800410001705000220005810000200008024500460010026000350014644000150018120140414132109.0110115s19uu xx 00 eng d aM 613.2bB35 2007 aBerger, Melvin. aHealthy me /cby Melvin and Gilda Berger. aNew York :bScholastic,c2007. aNow I know